Personnalités dont le nom commence par la lettre W (par images) - Statistiques

Statistiques générales
  • Ce quiz a été pris 382 fois
  • Le résultat moyen est 11 sur 20
Statistiques - réponses
Par images Réponse % Correct
Emma Watson
97%
will.i.am
91%
Kanye West
85%
Pharell Williams
84%
Amy Winehouse
81%
Bruce Willis
75%
Tiger Woods
72%
Christophe Willem
69%
Paul Walker
62%
Victor Wembanyama
53%
Oprah Winfrey
52%
Andy Warhol
46%
Kate Winslet
46%
Denzel Washington
45%
Laurent Wauquiez
42%
Lil Wayne
41%
Christophe Waltz
25%
Éric Woerth
22%
Zion Williamson
18%
Sam Worthington
5%
Aucun quiz correspondant
Distribution des résultats
% des personnes avec chaque résultat
Percentile par nombre de réponses
Votre historique - résultats
Vous n’avez pas pris ce quiz